Countries with French as Official Language - Statistics

General Stats
  • This quiz has been taken 41 times
  • The average score is 20 of 26
Answer Stats
Continent # Country % Correct
Europe 1 France
100%
Europe 3 Belgium
95%
Europe 4 Switzerland
95%
Europe 3 Luxembourg
90%
Africa 1 Senegal
90%
North America 2 Canada
88%
Europe 1 Monaco
88%
Africa 2 Cameroon
85%
Africa 1 Benin
83%
Africa 2 Chad
83%
North America 2 Haiti
80%
Africa 2 CAR
78%
Africa 1 Rep. Congo
78%
Africa 1 Gabon
75%
Africa 1 Guinea
75%
Africa 1 Ivory Coast
75%
Africa 1 Togo
75%
Africa 3 Burundi
68%
Africa 2 Djibouti
68%
Africa 4 Rwanda
68%
Africa 2 Madagascar
65%
Africa 3 Seychelles
65%
Africa 3 Comoros
63%
Australia a. O. 3 Vanuatu
55%
Africa 3 Equatorial Guinea
43%
Africa 1 DR Congo
38%
No matching quizzes found
Score Distribution
Percent of People with Each Score
Percentile by Number Answered
Your Score History
You have not taken this quiz